[Event "Mistrzostwa Polski Juniorow do lat 18 - Chlopcy"]
[Site "Szklarska Poreba"]
[Date "1899-12-30"]
[Round "7.8"]
[White "Dixa, Oskar"]
[Black "Golecki, Jan"]
[Result "1-0"]
[WhiteTitle "k"]
[BlackTitle "k"]
[WhiteElo "2052"]
[BlackElo "2172"]

1. d4 d6 2. e4 Nf6 3. Nc3 Nbd7 4. Nf3 e5 5. Bc4 Be7 6. O-O c6 7. a4 a5 8. Bb3 Qc7
9. h3 h6 10. Be3 Nf8 11. Nd2 g5 12. dxe5 dxe5 13. Nc4 Ra6 14. Qd2 Ng6 15. Rad1
Rg8 16. Nd6+ Bxd6 17. Qxd6 Nd5 18. Rxd5 Qe7 19. Qxe7+ Kxe7 20. Rd2 Nh4 21. f3
Ra8 22. Bc5+ Kf6 23. Rd6+ Kg7 24. Ne2 h5 25. Ng3 Rh8 26. Be3 f6 27. Rfd1 Nxf3+
28. gxf3 Bxh3 29. Nf5+ Kg6 30. c3 h4 31. Rxf6+ Kh5 32. Ng7# 1-0

[Event "Mistrzostwa Polski Juniorow do lat 18 - Chlopcy"]
[Site "Szklarska Poreba"]
[Date "1899-12-30"]
[Round "7.9"]
[White "Golenia, Jan"]
[Black "Skowron, Mateusz"]
[Result "1/2-1/2"]
[WhiteTitle "I++"]
[BlackTitle "I"]
[WhiteElo "2119"]
[BlackElo "1729"]

1. c4 e5 2. Nc3 f5 3. d4 e4 4. Nh3 Nf6 5. Bg5 Be7 6. Nf4 O-O 7. h4 Nc6 8. e3 d6
9. Be2 Ne8 10. Bxe7 Qxe7 11. Qb3 Na5 12. Qb5 Nc6 13. c5 Nd8 14. Qb3+ Nf7 15. cxd6
Nexd6 16. Rc1 c6 17. Na4 Re8 18. Qc3 Be6 19. Bd1 Nd8 20. Nxe6 Nxe6 21. Bb3 Kh8
22. g3 Rac8 23. Qd2 Red8 24. Rc2 Nb5 25. Nc3 Nexd4 26. exd4 Nxd4 27. Qe3 Nxc2+
28. Bxc2 Qb4 29. Qc1 Qc4 30. Bb3 Qc5 31. O-O Rd3 32. Qg5 e3 33. fxe3 Rxe3 34.
Kh2 Rf8 35. Qf4 h6 36. Rf2 Re1 37. Na4 Qe7 38. Nc3 Qc5 39. Na4 Qe7 40. Nc3 Qc5
41. Bc2 Qe7 1/2-1/2

[Event "Mistrzostwa Polski Juniorow do lat 18 - Chlopcy"]
[Site "Szklarska Poreba"]
[Date "1899-12-30"]
[Round "7.10"]
[White "Grochol, Kamil"]
[Black "Pniaczek, Marek"]
[Result "1/2-1/2"]
[WhiteTitle "I+"]
[BlackTitle "CM"]
[WhiteElo "2030"]
[BlackElo "2109"]

1. e4 e5 2. Nf3 Nc6 3. Bc4 Bc5 4. O-O Nf6 5. d3 d6 6. c3 h6 7. Re1 O-O 8. h3 a5
9. Nbd2 Be6 10. Bb5 Qb8 11. Nf1 Qa7 12. d4 exd4 13. Bxc6 dxc3 14. Ba4 Bxf2+ 15.
Kh2 Bxe1 16. Qxe1 d5 17. Ng3 Rad8 18. bxc3 Qc5 19. Be3 Qa3 20. Bc2 dxe4 21. Nxe4
Nxe4 22. Bxe4 Bd5 23. Bxd5 Qd6+ 24. Qg3 Qxg3+ 25. Kxg3 Rxd5 26. Rb1 b6 27. Kf2
Re8 28. Nd4 Rc5 29. Rc1 Rc4 30. Rc2 f6 31. Nb3 Kf7 32. Nd2 Rc6 33. c4 Rce6 1/2-1/2

[Event "Mistrzostwa Polski Juniorow do lat 18 - Chlopcy"]
[Site "Szklarska Poreba"]
[Date "1899-12-30"]
[Round "7.11"]
[White "Iwanczuk, Krzysztof"]
[Black "Piekielny, Pawel"]
[Result "1/2-1/2"]
[WhiteTitle "I"]
[BlackTitle "k"]
[WhiteElo "1887"]
[BlackElo "2104"]

1. d4 Nf6 2. Bf4 e6 3. e3 c5 4. Nf3 Nc6 5. c3 d5 6. Nbd2 Bd6 7. Bg3 O-O 8. Bd3
Re8 9. Qe2 e5 10. dxc5 Bxc5 11. e4 d4 12. O-O Bg4 13. h3 Bxf3 14. Qxf3 dxc3 15.
bxc3 Nd7 16. Bc4 Qf6 17. Qg4 Nb6 18. Bd5 Rac8 19. Nf3 Nxd5 20. exd5 Na5 21. Bxe5
Qg6 22. Qxg6 hxg6 23. Rfe1 f6 24. Bg3 Red8 25. Rad1 Bd6 26. Bxd6 Rxd6 27. Re6
Rd7 28. Rd3 Rc5 29. d6 Rc6 30. Nh4 Kh7 31. Rg3 Rdxd6 32. Rxd6 Rxd6 33. Nxg6 Rd1+
34. Kh2 Rd2 35. Nf8+ Kh8 36. f4 Rxa2 37. Rd3 Kg8 38. Ng6 Kf7 39. f5 Rf2 40. Rd5
Nc6 41. Kg1 Rb2 42. Rd7+ Ke8 43. Rxg7 a5 44. h4 a4 45. h5 a3 46. h6 a2 47. Rg8+
Kd7 48. Ra8 Rb1+ 49. Kh2 a1=Q 50. Rxa1 Rxa1 51. Nf8+ Ke7 52. h7 Ra8 53. h8=Q Rxf8
54. Qh4 Rf7 55. Qe4+ Kf8 56. g4 Kg7 57. Kg3 Ne7 58. Qe6 Ng8 59. g5 fxg5 60. Qg6+
Kf8 61. Qd6+ Kg7 62. Qg6+ Kf8 63. Kg4 Ne7 64. Qh6+ Ke8 65. f6 Nd5 66. Kxg5 Nxf6
67. Qh8+ Ke7 68. Qc8 Ne4+ 69. Kg4 Nd6 70. Qc5 b5 71. Qe5+ Kd7 72. Qd5 Rf5 73.
Qxf5+ Nxf5 74. Kxf5 Kd6 75. Ke4 Kc5 76. Kd3 Kd5 77. Kc2 Kc4 78. Kb2 Kd3 79. Kb3
Kd2 80. c4 bxc4+ 81. Kxc4 1/2-1/2

[Event "Mistrzostwa Polski Juniorow do lat 18 - Chlopcy"]
[Site "Szklarska Poreba"]
[Date "1899-12-30"]
[Round "7.12"]
[White "Golenia, Wojciech"]
[Black "Bojczewski, Mateusz"]
[Result "1/2-1/2"]
[WhiteTitle "k"]
[BlackTitle "I+"]
[WhiteElo "2050"]
[BlackElo "1788"]

1. c4 Nf6 2. Nc3 e5 3. g3 c6 4. Bg2 d5 5. cxd5 cxd5 6. d4 exd4 7. Qxd4 Nc6 8. Qa4
Be6 9. Nf3 Bd6 10. O-O O-O 11. Rd1 h6 12. Be3 Qe7 13. Rac1 Rfd8 14. Nb5 Ne4 15.
Nxd6 Qxd6 16. Nd4 Nxd4 17. Bxd4 Bf5 18. Be3 a6 19. Qd4 Qf6 20. Rc7 Qxd4 21. Bxd4
b5 22. Be3 Be6 23. Bd4 Rdc8 24. Rdc1 Rxc7 25. Rxc7 Rc8 26. Rxc8+ Bxc8 27. Kf1
f6 28. e3 Kf7 29. Ke2 Bf5 30. g4 Bxg4+ 31. f3 Bh5 32. Kd3 Nf2+ 33. Ke2 Ne4 34.
Kd3 Ng5 35. f4 Ne6 36. Bxd5 Bg6+ 1/2-1/2

[Event "Mistrzostwa Polski Juniorow do lat 18 - Chlopcy"]
[Site "Szklarska Poreba"]
[Date "1899-12-30"]
[Round "7.13"]
[White "Majocha, Piotr"]
[Black "Derylo, Kamil"]
[Result "0-1"]
[WhiteTitle "I++"]
[BlackTitle "I++"]
[WhiteElo "1890"]
[BlackElo "2083"]

1. Nf3 Nf6 2. c4 g6 3. Nc3 Bg7 4. d4 O-O 5. e4 d6 6. h3 e5 7. d5 Nh5 8. g3 Na6
9. Be3 Qe8 10. Be2 f5 11. exf5 gxf5 12. Nh4 Nf6 13. a3 c6 14. Qc2 Bd7 15. Nxf5
Bxf5 16. Qxf5 Nxd5 17. Qd3 Nxe3 18. Qxe3 Nc5 19. Rd1 Rd8 20. Ne4 Nxe4 21. Qxe4
Qf7 22. O-O d5 23. cxd5 cxd5 24. Qg4 Kh8 25. Qh5 Qf6 26. b3 Qb6 27. Rd3 Rf6 28.
Kg2 Rdf8 29. f3 Rf5 30. Qg4 e4 31. Rdd1 h5 32. Qh4 Bf6 33. fxe4 Bxh4 34. Rxf5
Rxf5 35. exf5 Qe3 36. Bf3 Qg5 37. g4 Qf4 0-1

[Event "Mistrzostwa Polski Juniorow do lat 18 - Chlopcy"]
[Site "Szklarska Poreba"]
[Date "1899-12-30"]
[Round "7.14"]
[White "Kucharski, Bartlomiej"]
[Black "Kozlowski, Pawel"]
[Result "0-1"]
[WhiteTitle "I++"]
[BlackTitle "I"]
[WhiteElo "2050"]
[BlackElo "1836"]

1. e4 g6 2. d4 Bg7 3. Nc3 d6 4. Be3 a6 5. Qd2 Nd7 6. f3 b6 7. O-O-O h6 8. f4 e6
9. Nf3 Ne7 10. Bd3 b5 11. f5 c5 12. fxe6 fxe6 13. dxc5 dxc5 14. e5 Qa5 15. Be4
Rb8 16. Qd3 O-O 17. Bxg6 c4 18. Bh7+ Kh8 19. Qd6 b4 20. Qxe7 bxc3 21. bxc3 Kxh7
22. Bxh6 Kxh6 23. Qh4+ Kg6 24. Rd4 Nxe5 25. Qg3+ Kh7 26. Ng5+ Kg8 27. Qh4 Rf6
28. Rhd1 Nd3+ 29. R1xd3 cxd3 30. Ne4 Bh6+ 31. Kd1 Rb1# 0-1

[Event "Mistrzostwa Polski Juniorow do lat 18 - Chlopcy"]
[Site "Szklarska Poreba"]
[Date "1899-12-30"]
[Round "7.15"]
[White "Bujalski, Mateusz"]
[Black "Dzwierzynski, Bartosz"]
[Result "1-0"]
[WhiteTitle "I"]
[BlackTitle "I"]
[WhiteElo "1920"]
[BlackElo "1944"]

1. e4 c5 2. Nc3 Nc6 3. f4 g6 4. Nf3 Bg7 5. Bc4 e6 6. d3 Nge7 7. O-O O-O 8. Bb3
d5 9. Qe1 Nd4 10. e5 Nec6 11. Nxd4 Nxd4 12. Ne2 Nxe2+ 13. Qxe2 b5 14. c3 a5 15.
g4 a4 16. Bd1 d4 17. Qg2 Ra7 18. Be2 Ba6 19. Qh3 dxc3 20. bxc3 Qe7 21. g5 Bb7
22. Be3 Raa8 23. Rab1 Bc6 24. Qg3 Rfb8 25. Qf2 Bf8 26. Rfc1 Bd5 27. c4 bxc4 28.
dxc4 Be4 29. Rb5 Rxb5 30. cxb5 Rc8 31. b6 Bb7 32. Bb5 Qd8 33. Qd2 Qxb6 34. Bxa4
Ba8 35. h3 Qb7 36. Kh2 c4 37. Bc2 c3 38. Qe2 Qc6 39. Bd3 Rb8 40. Kg3 Ba3 41. Rc2
Rb2 42. Bd4 Rxc2 43. Bxc2 Bc1 44. a4 Bd2 45. a5 Qh1 46. Bc5 Qc1 47. Qb5 Bxf4+
48. Kg4 h5+ 49. gxh6 Kh7 50. Bxg6+ Kxg6 51. Qd3+ f5+ 52. exf6+ Kxf6 53. Qd8+ Kg6
54. Qg8+ 1-0

[Event "Mistrzostwa Polski Juniorow do lat 18 - Chlopcy"]
[Site "Szklarska Poreba"]
[Date "1899-12-30"]
[Round "7.16"]
[White "Pytel, Maciej"]
[Black "Musial, Tomasz"]
[Result "1/2-1/2"]
[WhiteTitle "k"]
[BlackTitle "k"]
[WhiteElo "1919"]
[BlackElo "2051"]

1. e4 e6 2. b3 d5 3. Bb2 dxe4 4. Nc3 Nf6 5. g4 Bd7 6. g5 Nd5 7. Nxe4 Bc6 8. Bg2
Nf4 9. Bf3 Nd7 10. h4 Qe7 11. Ne2 Nxe2 12. Qxe2 O-O-O 13. a4 h6 14. Rg1 hxg5 15.
hxg5 e5 16. Qe3 Kb8 17. O-O-O f5 18. gxf6 gxf6 19. Ng3 Qe6 20. Kb1 Bc5 21. Qe2
Bxf3 22. Qxf3 Rh4 23. Rgf1 Rg8 24. Qe2 Qg4 25. Qxg4 Rgxg4 26. Ne2 Bb6 27. d4 e4
28. Rh1 c6 29. Rxh4 Rxh4 30. Bc1 Kc8 31. Rg1 Kd8 32. Nf4 Ke8 33. c3 Kf7 1/2-1/2

[Event "Mistrzostwa Polski Juniorow do lat 18 - Chlopcy"]
[Site "Szklarska Poreba"]
[Date "1899-12-30"]
[Round "7.17"]
[White "Maciejewski, Kamil"]
[Black "Chaczynski, Kamil"]
[Result "1-0"]
[WhiteTitle "I++"]
[BlackTitle "I+"]
[WhiteElo "1791"]
[BlackElo "1894"]

1. Nf3 d5 2. g3 g6 3. Bg2 Bg7 4. d4 Nf6 5. O-O O-O 6. c4 c6 7. b3 Bf5 8. Bb2 Re8
9. Nc3 Ne4 10. Nh4 Nxc3 11. Bxc3 Be6 12. cxd5 cxd5 13. f4 Qd7 14. Qd3 Bh3 15.
f5 Bxg2 16. Kxg2 Nc6 17. Rf2 e5 18. f6 Bh6 19. e3 exd4 20. exd4 Re3 21. Qc2 Rae8
22. Nf3 Qg4 23. h3 Qe4 24. Qb2 Qd3 25. Re1 Rxe1 26. Nxe1 Re3 27. Nxd3 1-0

[Event "Mistrzostwa Polski Juniorow do lat 18 - Chlopcy"]
[Site "Szklarska Poreba"]
[Date "1899-12-30"]
[Round "7.18"]
[White "Kulesza, Andrzej"]
[Black "Posluszny, Tomasz"]
[Result "1/2-1/2"]
[WhiteTitle "I+"]
[BlackTitle "I++"]
[WhiteElo "1928"]
[BlackElo "2023"]

1. e4 c5 2. Nf3 e6 3. d4 cxd4 4. Nxd4 Nc6 5. Nc3 Qc7 6. a3 a6 7. Be3 Nf6 8. f4
d6 9. Nxc6 Qxc6 10. Bd3 Nd7 11. Be2 b5 12. O-O Bb7 13. Bf3 Rc8 14. Qe2 Nb6 15.
Bf2 Be7 16. Rae1 Nc4 17. Nd1 Qc7 18. c3 O-O 19. Ne3 Rfe8 20. Nxc4 Qxc4 21. Qd1
Red8 22. Be2 Qc7 23. Bd3 e5 24. Qg4 Qd7 25. f5 Qc7 26. Be3 f6 27. Rf3 d5 28. Rg3
Bc5 29. h4 dxe4 30. Bxc5 Qxc5+ 31. Kh2 Rc7 32. Bxe4 Bxe4 33. Rxe4 Qd5 34. a4 Qd2
35. axb5 axb5 36. Rb4 Qd5 37. b3 Re8 38. Qe2 Rc5 39. Rbg4 Rc7 40. Rb4 Rc5 41.
Qg4 Re7 42. c4 Qd4 43. cxb5 Qxg4 44. Rgxg4 Rb7 45. Rgc4 Rcxb5 46. Rxb5 Rxb5 47.
Rc8+ Kf7 48. Rc7+ Kf8 49. Rc8+ Ke7 50. Rc7+ Kf8 1/2-1/2

[Event "Mistrzostwa Polski Juniorow do lat 18 - Chlopcy"]
[Site "Szklarska Poreba"]
[Date "1899-12-30"]
[Round "7.19"]
[White "Distel, Pawel"]
[Black "Ossolinski, Ziemowit"]
[Result "0-1"]
[WhiteTitle "I"]
[BlackTitle "I+"]
[WhiteElo "1950"]
[BlackElo "1880"]

1. e4 e6 2. d4 d5 3. Nc3 Nf6 4. Bg5 Bb4 5. e5 h6 6. Bd2 Bxc3 7. bxc3 Ne4 8. Bd3
Nxd2 9. Qxd2 c5 10. Nf3 Nc6 11. O-O Qa5 12. Rfd1 c4 13. Be2 b5 14. g4 Bd7 15.
a3 a6 16. Kh1 Ne7 17. Rdb1 Ng6 18. Qe3 Qd8 19. Rf1 h5 20. Ng5 hxg4 21. Bxg4 Rh4
22. h3 Qe7 23. f4 O-O-O 24. Rae1 Rdh8 25. Kg2 R4h6 26. Rf2 Nh4+ 27. Kg1 f6 28.
exf6 gxf6 29. Nf3 f5 30. Nxh4 Qxh4 31. Bf3 Qxh3 32. Bg2 Qg4 33. Rf3 Rg8 34. Re2
Qg7 35. Kf1 Rg6 36. Qd2 Rg4 37. Ref2 Qe7 38. Qc1 Qh4 39. Qe3 Qe7 40. Qc1 Qd6 41.
Re2 Kc7 42. Ref2 Qf8 43. Kg1 Rh4 44. Kf1 Qd6 45. Re2 Be8 46. Qe1 Rh6 47. Re5 Bd7
48. Qc1 Rhg6 49. Re2 Be8 50. Rff2 Rg3 51. Re3 Bh5 52. Kg1 Kd7 53. Qe1 Rxe3 54.
Qxe3 Qxa3 55. Qh3 Bf7 56. Qh7 Qf8 57. Qh3 Qg7 58. Kf1 Qg4 0-1

[Event "Mistrzostwa Polski Juniorow do lat 18 - Chlopcy"]
[Site "Szklarska Poreba"]
[Date "1899-12-30"]
[Round "7.20"]
[White "Rogala, Milosz"]
[Black "Zerebiec, Maurycy"]
[Result "1/2-1/2"]
[WhiteTitle "I"]
[BlackTitle "I+"]
[WhiteElo "1843"]
[BlackElo "1982"]

1. e4 e6 2. Nf3 d5 3. exd5 exd5 4. d4 Bd6 5. Bd3 Ne7 6. Bg5 f6 7. Bh4 O-O 8. O-O
Bf5 9. Bg3 c6 10. c3 Re8 11. Qc2 Bxd3 12. Qxd3 Na6 13. Nbd2 Ng6 14. Qf5 Nc7 15.
Rfe1 Bxg3 16. hxg3 Qd6 17. Nf1 Re6 18. Rxe6 Qxe6 19. Qxe6+ Nxe6 20. Re1 Kf7 21.
Ne3 Ne7 22. Kf1 Re8 23. Ke2 Nc8 24. Kd3 Nd6 25. Nd2 g5 26. b4 Kg6 27. Rb1 Nc7
28. a4 Ne4 29. Nxe4 dxe4+ 30. Kd2 a6 31. g4 Rh8 32. Rh1 h5 33. Rxh5 Rxh5 34. gxh5+
Kxh5 35. Nf5 Kg4 36. Nh6+ Kf4 37. Ke2 g4 38. g3+ Kg5 39. Nf7+ Kg6 40. Nd6 f5 41.
Nxb7 Nd5 42. Kd2 f4 43. gxf4 Kf5 44. Na5 Kxf4 45. Nxc6 e3+ 46. fxe3+ Nxe3 47.
Ne5 g3 48. Ke2 Nd5 49. b5 Nxc3+ 50. Kf1 axb5 51. axb5 Nxb5 52. Kg2 Nxd4 53. Ng6+
Kg5 54. Kxg3 1/2-1/2

[Event "Mistrzostwa Polski Juniorow do lat 18 - Chlopcy"]
[Site "Szklarska Poreba"]
[Date "1899-12-30"]
[Round "8.1"]
[White "Kosakowski, Jakub"]
[Black "Teclaf, Pawel"]
[Result "1/2-1/2"]
[WhiteTitle "FM"]
[BlackTitle "IM"]
[WhiteElo "2413"]
[BlackElo "2453"]

1. e4 c6 2. Nc3 d5 3. Nf3 dxe4 4. Nxe4 Nf6 5. Qe2 Nxe4 6. Qxe4 Qd5 7. Qf4 Qf5 8.
Qxf5 Bxf5 9. c3 e6 10. d4 Bd6 11. Be2 Nd7 12. O-O O-O 13. h3 e5 14. dxe5 Nxe5
15. Be3 Nxf3+ 16. Bxf3 Rfd8 17. Rad1 Be6 18. a3 f6 19. Rd2 a6 20. Rfd1 Bc7 21.
Kf1 Kf7 22. Rxd8 Rxd8 23. Rxd8 Bxd8 24. Ke2 Bc4+ 25. Kd2 Be7 26. Bb6 Ke6 27. Be2
Bxe2 28. Kxe2 f5 29. Kd3 Kd5 30. c4+ Ke6 1/2-1/2

[Event "Mistrzostwa Polski Juniorow do lat 18 - Chlopcy"]
[Site "Szklarska Poreba"]
[Date "1899-12-30"]
[Round "8.2"]
[White "Szpar, Milosz"]
[Black "Godzwon, Iwo"]
[Result "1-0"]
[WhiteTitle "FM"]
[BlackTitle "FM"]
[WhiteElo "2305"]
[BlackElo "2352"]

1. c4 Nf6 2. Nf3 g6 3. Nc3 d5 4. cxd5 Nxd5 5. g3 Bg7 6. Bg2 Nc6 7. O-O Nb6 8. d3
O-O 9. Be3 e5 10. Qd2 Nd4 11. Bh6 Re8 12. Bxg7 Kxg7 13. Ne4 a5 14. Rfc1 Qe7 15.
Nxd4 exd4 16. Bf3 c6 17. Nc5 Qd6 18. Rab1 Nd7 19. Ne4 Qe6 20. b4 axb4 21. Qxb4
Rxa2 22. Nd6 Rd8 23. Nxc8 Rxc8 24. Qxd4+ Ne5 25. Rxb7 Qf6 26. Kg2 Re8 27. Rb2
Ra3 28. Bxc6 Rd8 29. Qf4 Qxf4 30. gxf4 Nxc6 31. Rxc6 Rd4 32. Rc4 Rxc4 33. dxc4
Rc3 34. Rb4 h6 35. e3 Rc2 36. Kf3 h5 37. h4 f5 38. Rb7+ Kf6 39. Rc7 Ke6 40. c5
Kf6 41. c6 Ke6 42. Rc8 Kf7 43. c7 Kg7 44. Kg2 Rc1 45. f3 1-0

[Event "Mistrzostwa Polski Juniorow do lat 18 - Chlopcy"]
[Site "Szklarska Poreba"]
[Date "1899-12-30"]
[Round "8.3"]
[White "Fus, Jakub"]
[Black "Galuszka, Tomasz"]
[Result "1/2-1/2"]
[WhiteTitle "FM"]
[BlackTitle "k+"]
[WhiteElo "2357"]
[BlackElo "2221"]

1. d4 d5 2. c4 c6 3. Nf3 Nf6 4. Nc3 e6 5. e3 Nbd7 6. Bd3 Bd6 7. O-O O-O 8. e4 dxc4
9. Bxc4 e5 10. Bg5 Qe7 11. d5 Nb6 12. Bb3 Bd7 13. Re1 Rfd8 14. Qd3 h6 15. Bh4
Rac8 16. Rad1 Bg4 17. a3 c5 18. Bc2 a6 19. h3 c4 20. Qe2 Bxf3 21. Qxf3 Nbd7 22.
Rb1 g5 23. Bg3 Nf8 24. Nd1 Bc5 25. Ne3 Bxe3 26. fxe3 Ng6 27. Rf1 Ne8 28. Be1 Nd6
29. Bb4 b6 30. a4 Kg7 31. Rf2 f6 32. Rbf1 Rf8 33. Qg4 Rcd8 34. g3 Rf7 35. h4 Qd7
36. Qxd7 Rdxd7 37. h5 Ne7 38. g4 Nec8 39. Ra1 Nb7 40. Kg2 Ncd6 41. Kf3 Rc7 42.
Rff1 Nc5 43. Ra3 a5 44. Bc3 1/2-1/2

[Event "Mistrzostwa Polski Juniorow do lat 18 - Chlopcy"]
[Site "Szklarska Poreba"]
[Date "1899-12-30"]
[Round "8.4"]
[White "Pacan-milej, Kosma"]
[Black "Dixa, Oskar"]
[Result "1-0"]
[WhiteTitle "FM"]
[BlackTitle "k"]
[WhiteElo "2333"]
[BlackElo "2052"]

1. d4 Nf6 2. c4 e6 3. Nf3 d5 4. Nc3 Be7 5. Qc2 O-O 6. cxd5 exd5 7. Bf4 c6 8. h3
Be6 9. e3 Nbd7 10. Bd3 Re8 11. O-O Nf8 12. Rab1 Ng6 13. Bh2 Rc8 14. b4 b5 15.
Ne5 Nd7 16. f4 Ndxe5 17. dxe5 Nf8 18. f5 Bd7 19. Qf2 Bg5 20. Ne2 c5 21. bxc5 Rxc5
22. Rb4 Qa5 23. Rg4 Bh6 24. Bf4 Bxf4 25. Qxf4 Qc7 26. Rxg7+ Kxg7 27. f6+ 1-0

[Event "Mistrzostwa Polski Juniorow do lat 18 - Chlopcy"]
[Site "Szklarska Poreba"]
[Date "1899-12-30"]
[Round "8.5"]
[White "Kokoszczynski, Jan"]
[Black "Kozak, Antoni"]
[Result "1/2-1/2"]
[WhiteTitle "FM"]
[BlackTitle "m"]
[WhiteElo "2314"]
[BlackElo "2372"]

1. d4 Nf6 2. c4 e6 3. Nc3 Bb4 4. Qc2 O-O 5. a3 Bxc3+ 6. Qxc3 b5 7. cxb5 c6 8. bxc6
Nxc6 9. Bg5 Ba6 10. e3 Bxf1 11. Kxf1 h6 12. Bxf6 Qxf6 13. Ne2 Qf5 14. Rd1 Rab8
15. b4 Rfc8 16. Qd3 Qxd3 17. Rxd3 a5 18. g3 axb4 19. axb4 Rxb4 20. Rd2 Na5 21.
Kg2 Nc4 22. Ra2 Rcb8 23. Rc1 d5 24. Nc3 Rb2 25. Rc2 Rxc2 26. Rxc2 Ra8 27. Ra2
Rxa2 28. Nxa2 h5 29. Kf3 g6 30. Nc3 Kg7 31. h4 1/2-1/2

[Event "Mistrzostwa Polski Juniorow do lat 18 - Chlopcy"]
[Site "Szklarska Poreba"]
[Date "1899-12-30"]
[Round "8.6"]
[White "Psyk, Radoslaw"]
[Black "Mis, Mieszko"]
[Result "1-0"]
[WhiteTitle "k++"]
[BlackTitle "FM"]
[WhiteElo "2343"]
[BlackElo "2356"]

1. e4 c5 2. Nc3 e6 3. f4 Nc6 4. Bb5 Nge7 5. Nf3 a6 6. Bxc6 Nxc6 7. O-O d5 8. d3
Be7 9. Qe1 O-O 10. Kh1 b5 11. Qg3 f5 12. exd5 exd5 13. Bd2 d4 14. Ne2 Be6 15.
Ne5 Rc8 16. a4 Bf6 17. axb5 axb5 18. Nxc6 Rxc6 19. Ng1 Bd5 20. Nf3 Re8 21. Ra7
c4 22. h4 Re2 23. Rfa1 Rce6 24. Ba5 Qe8 25. Bc7 Qh5 26. Be5 Qg4 27. Qxg4 fxg4
28. Nxd4 Bxe5 29. fxe5 R6xe5 30. Nxe2 Rxe2 31. dxc4 Bxg2+ 32. Kh2 bxc4 33. Kg3
Rxc2 34. Rd1 h5 35. Rdd7 Be4 36. Rxg7+ Kf8 37. Rgf7+ Kg8 38. Rfe7 Bc6 39. Rac7
Kf8 40. Rh7 Kg8 41. Rxh5 Rg2+ 42. Kf4 Be8 43. Rg5+ Kf8 44. Rf5+ Kg8 45. Rc8 1-0

[Event "Mistrzostwa Polski Juniorow do lat 18 - Chlopcy"]
[Site "Szklarska Poreba"]
[Date "1899-12-30"]
[Round "8.7"]
[White "Polczyk, Mikolaj"]
[Black "Nowak, Mikolaj"]
[Result "0-1"]
[WhiteTitle "k"]
[BlackTitle "k"]
[WhiteElo "2132"]
[BlackElo "2296"]

1. d4 c5 2. d5 d6 3. c4 e6 4. Nc3 Nf6 5. Nf3 exd5 6. cxd5 Be7 7. e4 O-O 8. Be2
Re8 9. O-O Bf8 10. Qc2 Na6 11. Re1 Rb8 12. Bb5 Nd7 13. Bf4 f6 14. e5 dxe5 15.
Bd3 g6 16. Bxg6 hxg6 17. Qxg6+ Bg7 18. Bh6 Re7 19. d6 Rf7 20. Nd5 Nf8 21. Ne7+
Rxe7 22. dxe7 Qxe7 23. Qg3 Bf5 24. Nh4 Bh7 25. f4 Re8 26. fxe5 fxe5 27. a3 Nb8
28. Rac1 Nc6 29. Rc4 Kh8 30. Bxg7+ Qxg7 31. Rg4 Qd7 32. Nf3 Re7 33. Nxe5 Nxe5
34. Rxe5 Qd1+ 35. Kf2 Qd2+ 36. Kf1 Bd3+ 37. Kg1 Qd1+ 0-1

[Event "Mistrzostwa Polski Juniorow do lat 18 - Chlopcy"]
[Site "Szklarska Poreba"]
[Date "1899-12-30"]
[Round "8.8"]
[White "Golecki, Jan"]
[Black "Grochol, Kamil"]
[Result "1/2-1/2"]
[WhiteTitle "k"]
[BlackTitle "I+"]
[WhiteElo "2172"]
[BlackElo "2030"]

1. d4 d5 2. c4 e6 3. Nc3 a6 4. cxd5 exd5 5. Nf3 Nf6 6. Bg5 Be6 7. Bxf6 Qxf6 8.
Qb3 b5 9. a4 b4 10. Nxd5 Qd8 11. e4 c6 12. Qe3 cxd5 13. exd5 Qxd5 14. Rc1 Be7
15. Bd3 Qd8 16. Be4 Ra7 17. d5 Bxd5 18. Bxd5 Rd7 19. Bxf7+ Kxf7 20. Ne5+ Ke8 21.
Nxd7 Nxd7 22. O-O Rf8 23. Rfe1 Rf7 24. Rc6 Kf8 25. Rec1 Bg5 26. Rc8 Bxe3 27. Rxd8+
Ke7 28. Rxd7+ Kxd7 29. fxe3 Kd6 30. Rf1 Rc7 31. Rd1+ Ke5 32. Rd2 Rc1+ 33. Kf2
Ra1 34. b3 Rb1 35. Rd3 a5 36. h4 h5 37. Rd7 g6 38. Ra7 Rxb3 39. Kf3 Kd5 40. Rxa5+
Kc4 41. Ra6 Ra3 42. Rc6+ Kd3 43. Rxg6 b3 44. Rb6 Ke4+ 45. Kxe4 1/2-1/2

[Event "Mistrzostwa Polski Juniorow do lat 18 - Chlopcy"]
[Site "Szklarska Poreba"]
[Date "1899-12-30"]
[Round "8.9"]
[White "Lis, Mateusz"]
[Black "Golenia, Jan"]
[Result "0-1"]
[WhiteTitle "k"]
[BlackTitle "I++"]
[WhiteElo "2036"]
[BlackElo "2119"]

1. e4 e5 2. Nf3 Nc6 3. Bb5 a6 4. Bxc6 dxc6 5. O-O Bg4 6. h3 h5 7. d3 Qf6 8. Be3
Bxf3 9. Qxf3 Qxf3 10. gxf3 Bd6 11. Nd2 Ne7 12. Rfb1 Ng6 13. Kf1 f5 14. Bg5 O-O
15. Ke2 Rf7 16. Rg1 Kh7 17. Rg3 Re8 18. Rag1 f4 19. R3g2 Nf8 20. c3 Ne6 21. Bh4
Rd7 22. b4 c5 23. a3 b5 24. Nb3 cxb4 25. axb4 Bf8 26. Ra1 Rd6 27. Bg5 Rc8 28.
Nc5 Rc6 29. Nxe6 Rxe6 30. Rgg1 c5 31. bxc5 Bxc5 32. Rgc1 Rec6 33. d4 Bxd4 34.
Ra2 Bxc3 35. Rac2 b4 36. Kd3 a5 37. Be7 R8c7 38. Bg5 Rd7+ 39. Ke2 a4 40. Rb1 b3
0-1

[Event "Mistrzostwa Polski Juniorow do lat 18 - Chlopcy"]
[Site "Szklarska Poreba"]
[Date "1899-12-30"]
[Round "8.10"]
[White "Pniaczek, Marek"]
[Black "Bujalski, Mateusz"]
[Result "1-0"]
[WhiteTitle "CM"]
[BlackTitle "I"]
[WhiteElo "2109"]
[BlackElo "1920"]

1. e4 c5 2. Nf3 Nc6 3. d4 cxd4 4. Nxd4 Nf6 5. Nc3 e6 6. Ndb5 Bb4 7. a3 Bxc3+ 8.
Nxc3 d5 9. exd5 exd5 10. Bd3 O-O 11. O-O Bg4 12. f3 Be6 13. Re1 h6 14. Qe2 Re8
15. Qf2 Rc8 16. Bd2 Nd7 17. f4 f5 18. Nb5 Nf6 19. Nxa7 Nxa7 20. Qxa7 Ne4 21. Be3
Qd7 22. a4 Qf7 23. a5 g5 24. Qd4 Qg6 25. b4 Re7 26. a6 bxa6 27. Rxa6 gxf4 28.
Bxf4 Rg7 29. g3 Qg4 30. Rxe6 Nd2 31. Be2 Qxe2 32. Qxg7+ 1-0

[Event "Mistrzostwa Polski Juniorow do lat 18 - Chlopcy"]
[Site "Szklarska Poreba"]
[Date "1899-12-30"]
[Round "8.11"]
[White "Bojczewski, Mateusz"]
[Black "Piekielny, Pawel"]
[Result "0-1"]
[WhiteTitle "I+"]
[BlackTitle "k"]
[WhiteElo "1788"]
[BlackElo "2104"]

1. e4 e6 2. d4 d5 3. Nd2 Be7 4. c3 c5 5. Ngf3 Nf6 6. Bd3 Nc6 7. e5 Nd7 8. b3 cxd4
9. cxd4 Qb6 10. Bb2 h5 11. h4 Nf8 12. a3 Bd7 13. b4 a6 14. Nb3 Na7 15. Rc1 Bb5
16. Bxb5+ Qxb5 17. Qe2 Qxe2+ 18. Kxe2 Nc6 19. Rc2 Nd7 20. Rhc1 Nb6 21. g3 Nc4
22. Nfd2 b5 23. Nxc4 bxc4 24. Nc5 Bxc5 25. dxc5 Ke7 26. Ke3 Rhb8 27. Bc3 a5 28.
Rb2 axb4 29. axb4 Ra3 30. Kf4 d4 31. Bxd4 Nxd4 32. Rxc4 Nb5 33. c6 Ra7 34. Rc5
Rb6 35. f3 Rc7 36. Rbc2 Nd4 37. R2c4 Nb3 0-1

[Event "Mistrzostwa Polski Juniorow do lat 18 - Chlopcy"]
[Site "Szklarska Poreba"]
[Date "1899-12-30"]
[Round "8.12"]
[White "Derylo, Kamil"]
[Black "Iwanczuk, Krzysztof"]
[Result "1-0"]
[WhiteTitle "I++"]
[BlackTitle "I"]
[WhiteElo "2083"]
[BlackElo "1887"]

1. Nf3 Nf6 2. c4 g6 3. d4 Bg7 4. e3 O-O 5. Be2 c5 6. d5 e6 7. Nc3 exd5 8. cxd5
d6 9. O-O Re8 10. Nd2 Na6 11. e4 Nc7 12. a4 Rb8 13. f3 b6 14. Nc4 a6 15. Bf4 Bf8
16. Qd2 b5 17. axb5 axb5 18. e5 bxc4 19. exf6 Qxf6 20. Bxc4 Rb4 21. b3 Bg7 22.
Rac1 Ba6 23. Ne4 Qd4+ 24. Rf2 Bxc4 25. bxc4 Rxc4 26. Rxc4 Qxc4 27. Nxd6 Qxf4 28.
Nxe8 Qxd2 29. Rxd2 Nxe8 30. d6 Bf6 31. d7 Nc7 32. d8=Q+ Bxd8 33. Rxd8+ Kg7 34.
Kf2 Kf6 35. g4 Ne6 36. Ra8 h5 37. gxh5 gxh5 38. Ke3 Ke5 39. Rh8 Nf4 40. Re8+ Ne6
41. h3 Kf5 42. Rg8 Nf4 43. Rc8 Ne6 44. f4 Kg6 45. Ke4 f5+ 46. Ke5 Nd4 47. Rxc5
Nf3+ 48. Ke6 h4 49. Rc3 Nd4+ 50. Ke5 Ne2 51. Rc6+ Kh5 52. Rf6 Ng3 53. Rxf5+ 1-0

[Event "Mistrzostwa Polski Juniorow do lat 18 - Chlopcy"]
[Site "Szklarska Poreba"]
[Date "1899-12-30"]
[Round "8.13"]
[White "Kozlowski, Pawel"]
[Black "Golenia, Wojciech"]
[Result "1/2-1/2"]
[WhiteTitle "I"]
[BlackTitle "k"]
[WhiteElo "1836"]
[BlackElo "2050"]

1. f4 Nf6 2. Nf3 g6 3. e3 Bg7 4. d4 O-O 5. Bd3 d6 6. c4 c5 7. Nc3 cxd4 8. exd4
Bf5 9. O-O Nbd7 10. Bxf5 gxf5 11. Qd3 e6 12. b3 Re8 13. Ba3 Nf8 14. Rae1 Ng6 15.
g3 d5 16. Ne5 Ne4 17. Nxe4 fxe4 18. Qe3 f6 19. Nxg6 hxg6 20. cxd5 Qxd5 21. Qxe4
Qxe4 22. Rxe4 f5 23. Re2 Bxd4+ 24. Kg2 Rad8 25. Rc1 Rd7 26. Rd1 Rdd8 27. Red2
Bb6 28. Bb2 Rxd2+ 29. Rxd2 Rc8 30. Kf3 Kf7 31. g4 fxg4+ 32. Kxg4 Rd8 33. Rxd8
Bxd8 34. Be5 1/2-1/2